Kabut yang sirna

Bibliographic Details
Other Authors: Mali Jaafar (Illustrator)
Format: Book
Published: Kuala Lumpur : Creative Enterprise Sdn.Bhd. , 1996
Series:Novel creative
Subjects:

MARC

LEADER 00000cam a2200000 7i4500
001 0000008015
002 000008749
005 20000330.0
020 |a 9838932744 
090 0 0 |a F   |b NOR 
245 1 0 |a Kabut yang sirna 
260 |a Kuala Lumpur :   |b Creative Enterprise Sdn.Bhd. ,   |c 1996 
300 |a 120p. ;   |c 16cm. 
490 0 |a Novel creative 
650 0 0 |a Love stories 
700 0 |a Mali Jaafar ,   |e ill 
999 |a 043408   |b BUKU   |c PINJAMAN   |e PERPUSTAKAAN KOMUNITI PETALING JAYA 
999 |a 044668   |b BUKU   |c FICTION   |e PERPUSTAKAAN KOMUNITI CAW KOTA DAMANSARA